| 000 | 00472nam a2200169 a 4500 | ||
|---|---|---|---|
| 005 | 20140310183214.0 | ||
| 008 | 030421s19uu xx 00 eng d | ||
| 020 | _a0071341579 | ||
| 050 |
_aRC 954 _b.Ad32 2002 |
||
| 245 |
_aAdvanced Practice Nursing with Older Adults / _cValerie T. Cotler, editor. |
||
| 260 |
_aUSA : _bV&M Graphics, Inc. _c2002. |
||
| 300 |
_a398 p. : _bill. ; _c26 cm. |
||
| 521 | _aNUR | ||
| 942 |
_cBK _2lcc _kFOR |
||
| 999 |
_c20211 _d20211 |
||